[Event "Campeonato de Chile FENACH 2006"]
[Site "Santiag"]
[Date "2007.02.10"]
[Round "9"]
[White "Arancibia, Eduardo"]
[Black "Rioseco, Fernan"]
[Result "1/2-1/2"]
[WhiteElo "2358"]
[BlackElo "2198"]
[Annotator "Egger,Jorge"]
[PlyCount "95"]
[EventDate "2007.02.07"]
[SourceDate "2007.02.06"]

1. e4 c5 2. Nf3 e6 3. d4 cxd4 4. Nxd4 a6 5. Bd3 Qc7 6. O-O Nf6 7. Qe2 d6 8. f4
Nbd7 9. Kh1 Be7 10. c4 O-O 11. Nc3 Re8 12. Bd2 b6 13. Rae1 g6 14. e5 Nh5 {#}
15. Nf5 Bb7 16. Nxd6 Bxd6 17. exd6 Qxd6 18. Be4 Bxe4 19. Nxe4 Qe7 20. Bc3 f6
21. Rd1 Nc5 22. g4 {#} Qb7 23. gxh5 Qxe4+ 24. Qg2 Qxg2+ 25. Kxg2 Ne4 26. Bd4
Rec8 27. Kf3 f5 28. Be5 Ra7 29. Rg1 Kf7 30. Rg2 Rg8 31. hxg6+ hxg6 32. Ke3 Ke8
33. Rdg1 Rh7 34. Rxg6 Rh3+ 35. Kd4 Rxg6 36. Rxg6 Nc5 37. Bd6 Kf7 38. Rg3 Rxh2
39. Bxc5 bxc5+ 40. Kxc5 Rxb2 41. Rf3 e5 42. fxe5 Ke6 43. Ra3 Kxe5 44. Rxa6 f4
45. a4 Rb8 46. Ra7 Rc8+ 47. Kb4 Rf8 48. Rh7 1/2-1/2

[Event "Campeonato de Chile FENACH 2006"]
[Site "Santiag"]
[Date "2007.02.10"]
[Round "8"]
[White "Rojas, Luis"]
[Black "Avalos, Joao"]
[Result "1-0"]
[WhiteElo "2414"]
[BlackElo "2272"]
[PlyCount "93"]
[EventDate "2007.02.07"]
[SourceDate "2007.02.06"]

1. e4 e6 2. d4 d5 3. e5 c5 4. c3 Nc6 5. Nf3 Bd7 6. Be2 f6 7. O-O fxe5 8. dxe5
Qc7 9. Re1 g6 10. c4 d4 11. Bd3 Bg7 12. Bf4 Nge7 13. Na3 a6 14. Nc2 O-O 15. Qd2
Rab8 16. b4 b6 17. Re2 a5 18. b5 Nd8 19. Bh6 Nf7 20. Bxg7 Kxg7 21. Rae1 Bc8 22.
h4 Bb7 23. Be4 Rbd8 24. Qd3 Nf5 25. Bxb7 Qxb7 26. Re4 Qe7 27. g3 Rde8 28. R1e2
h6 29. Nce1 Nd8 30. Ng2 Kh7 31. g4 Ng7 32. h5 gxh5 33. Nfh4 Kg8 34. Ng6 Qg5 35.
Nxf8 Rxf8 36. Qg3 Qc1+ 37. Kh2 Qxc4 38. gxh5 Qxb5 39. Qg6 Qe8 40. Rb2 Rf5 41.
Qxe8+ Nxe8 42. Rxb6 Rxh5+ 43. Kg1 Kf8 44. Rb5 Nf7 45. Nf4 Rg5+ 46. Kf1 Ng7 47.
Rxc5 1-0

[Event "Campeonato de Chile FENACH 2006"]
[Site "Santiag"]
[Date "2007.02.10"]
[Round "8"]
[White "Salas, Christian"]
[Black "Mesias, Rabindranath"]
[Result "1/2-1/2"]
[WhiteElo "2418"]
[BlackElo "2220"]
[PlyCount "113"]
[EventDate "2007.02.07"]
[SourceDate "2007.02.06"]

1. Nf3 Nf6 2. c4 d6 3. d4 c5 4. Nc3 cxd4 5. Nxd4 Nc6 6. g3 e5 7. Nc2 Be6 8. Ne3
Be7 9. Bg2 Rc8 10. Ned5 O-O 11. O-O Ne8 12. b3 Bg5 13. Bxg5 Qxg5 14. e3 Qh6 15.
Qd2 Kh8 16. Rad1 Bh3 17. f4 Bxg2 18. Qxg2 f5 19. e4 g6 20. Rd2 Qg7 21. Qh3 Nd4
22. Ne2 Nxe2+ 23. Rxe2 Nc7 24. Nxc7 Rxc7 25. exf5 Rxf5 26. g4 Rf8 27. fxe5 dxe5
28. Rxf8+ Qxf8 29. Qg3 Qc5+ 30. Qf2 Kg7 31. Rd2 Qxf2+ 32. Kxf2 Kf6 33. h4 Ke6
34. Ke3 Rf7 35. Rd8 Rf4 36. Rh8 Rxg4 37. Rxh7 b6 38. h5 gxh5 39. Rh6+ Kf5 40.
Rxh5+ Rg5 41. Rxg5+ Kxg5 42. Ke4 Kf6 43. b4 Ke6 44. c5 b5 45. a3 a6 46. Ke3 Kd5
47. Kf3 e4+ 48. Kf4 Kd4 49. c6 e3 50. Kf3 Kd3 51. c7 e2 52. c8=Q e1=Q 53. Qxa6
Qe4+ 54. Kg3 Qe5+ 55. Kg4 Qg7+ 56. Kf5 Qh7+ 57. Kg5 1/2-1/2

[Event "Campeonato de Chile FENACH 2006"]
[Site "Santiag"]
[Date "2007.02.11"]
[Round "9"]
[White "Rioseco, Fernan"]
[Black "Rojas, Luis"]
[Result "0-1"]
[WhiteElo "2198"]
[BlackElo "2414"]
[PlyCount "73"]
[EventDate "2007.02.07"]
[SourceDate "2007.02.06"]

1. d4 d5 2. c4 c6 3. Nf3 Nf6 4. Nc3 a6 5. cxd5 cxd5 6. Bf4 Nc6 7. e3 Bf5 8. Bd3
Bg6 9. Rc1 e6 10. O-O Be7 11. h3 Rc8 12. Ne5 Nxe5 13. Bxe5 Bxd3 14. Qxd3 O-O
15. Rc2 Qa5 16. Rfc1 Rc6 17. Bxf6 Bxf6 18. a3 Rfc8 19. Na2 Rxc2 20. Rxc2 Qe1+
21. Kh2 Rxc2 22. Qxc2 h5 23. Nb4 Be7 24. Nd3 Bd6+ 25. g3 Qf1 26. h4 g6 27. Qd2
Kg7 28. Ne1 b5 29. Ng2 Bc7 30. Qe1 Qc4 31. Qd1 a5 32. b3 Qc3 33. a4 b4 34. Ne1
Bd6 35. Kg2 f6 36. Kf1 Kh6 37. Qd3 0-1

[Event "Campeonato de Chile FENACH 2006"]
[Site "Santiag"]
[Date "2007.02.11"]
[Round "9"]
[White "Lopez Silva, Hugo"]
[Black "Arancibia, Eduardo"]
[Result "0-1"]
[WhiteElo "2410"]
[BlackElo "2358"]
[PlyCount "68"]
[EventDate "2007.02.07"]
[SourceDate "2007.02.06"]

1. e4 c5 2. Nf3 e6 3. d4 cxd4 4. Nxd4 a6 5. Nc3 Qc7 6. g3 Bb4 7. Nde2 Nf6 8.
Bg2 d6 9. O-O Bc5 10. h3 h6 11. Kh1 Bd7 12. f4 Ba7 13. a3 Nc6 14. Qd3 Rd8 15.
b4 Ne7 16. b5 d5 17. bxa6 dxe4 18. Nxe4 Nxe4 19. Bxe4 Bc6 20. Qf3 bxa6 21. Bb2
Bxe4 22. Qxe4 O-O 23. Rfd1 Nf5 24. Be5 Qc5 25. g4 Qe3 26. Qxe3 Nxe3 27. Rxd8
Rxd8 28. c3 Rd2 29. Ng3 f6 30. Bc7 Nd5 31. Bd6 Nxc3 32. Bb4 Rd3 33. Kg2 Nd5 34.
f5 Nf4+ 0-1